[Event "Hilversum op-B"]
[Site "Hilversum"]
[Date "2018.06.23"]
[Round "4"]
[White "Laan, David"]
[Black "Braun, Steven"]
[Result "1-0"]
[WhiteElo "1834"]
[BlackElo "1827"]
[PlyCount "56"]
[EventDate "2018.06.22"]
[EventType "swiss"]
[EventRounds "6"]
[EventCountry "NED"]
[SourceTitle "EXT 2019"]
[Source "ChessBase"]
[SourceDate "2018.10.10"]
[SourceVersion "1"]
[SourceVersionDate "2018.10.10"]
[SourceQuality "1"]

1. e4 c6 2. d4 d5 3. exd5 cxd5 4. Bd3 Nf6 5. c3 Nc6 6. Bf4 e6 7. Nf3 Be7 8. 0-0 0-0 9. Nbd2 a6 10. Re1 b5 11. a3 Bb7 12. Ne5 Nxe5 13. dxe5 Ne8 14. Qh5 f5 15. exf6 Nxf6 16. Qh3 Bc8 17. Be5 g6 18. Re3 Rf7 19. Rg3 Rg7 20. Re1 Bd6 21. Nf3 Bxe5 22. Nxe5 Qe8 23. Qh6 Raa7 24. Ree3 Qf8 25. Ref3 Qe7 26. Nc6 Qe8 27. Ne5 Nd7 28. Re3 Nf6 1-0